|
|
|
|
| LEADER |
01231nam a22002657a 4500 |
| 001 |
41790 |
| 003 |
BD-DhAAL |
| 008 |
230927t1987 bg ||||| |||| 00| 0 ben d |
| 040 |
|
|
|a BD-DhAAL
|c BD-DhAAL
|
| 041 |
|
|
|a ben
|
| 082 |
|
|
|a 954.14031
|2 23
|
| 100 |
|
|
|a কায়সার, রফিক.
|9 18904
|
| 245 |
|
|
|a তিন পুরুষের রাজনীতি /
|c রফিক কায়সার.
|
| 246 |
|
|
|a Tin purusher rajniti
|
| 246 |
|
|
|a A critical study in literature and politics of Bengal
|
| 260 |
|
|
|a ঢাকা :
|b ইউনিভার্সিটি প্রেস লিমিটেড,
|c ১৯৮৭.
|
| 300 |
|
|
|a ২০৩ পৃষ্ঠা ;
|c ২২ সে.মি.
|
| 526 |
|
|
|a BIED
|
| 541 |
|
|
|a Complimentary copy from BIED
|e 41790
|
| 650 |
|
|
|a Muslims
|x Political activity
|z India
|z Bengal.
|9 13365
|
| 651 |
|
|
|a Bengal (India)
|x Politics and government
|y 19th century.
|9 9960
|
| 852 |
|
|
|a Ayesha Abed Library
|c BIED Collection
|
| 942 |
|
|
|2 ddc
|c BK
|
| 999 |
|
|
|c 46179
|d 46179
|
| 952 |
|
|
|0 0
|1 0
|2 ddc
|4 0
|6 954_140310000000000_KAI
|7 0
|9 74472
|a BRACUL
|b BRACUL
|c GEN
|d 2023-09-27
|e Complimentary copy from BIED
|g 78.00
|l 0
|o 954.14031 KAI
|p 3010041790
|r 2023-09-27
|t 1
|w 2023-09-27
|y BK
|x Transferred from BIED to General Stacks
|